MARC

LEADER 00000nam0a2200000 4500
001 57754
005 20231101211703.0
010 |a 5981180250 
035 |a (RuTPU)RU\TPU\book\60977 
090 |a 57754 
100 |a 20031117d2003 m y0rusy50 ca 
101 0 |a rus 
102 |a RU 
105 |a y j 000zy 
200 1 |a Маркетинг  |e учебник, практикум и учебно-методический комплекс по маркетингу  |f Р. Б. Ноздрева, В. Ю. Гречков, Г. Д. Крылова, М. И. Соколова 
210 |a Москва  |c Экономистъ  |d 2003 
215 |a 568 с. 
606 |a Маркетинг  |2 stltpush  |3 (RuTPU)RU\TPU\subj\41036  |9 60857 
610 1 |a экономика 
610 1 |a маркетинговые исследования 
610 1 |a маркетинговые стратегии 
610 1 |a маркетинговая деятельность 
610 1 |a информационные технологии 
610 1 |a интернет-маркетинг 
610 1 |a теория 
610 1 |a практикумы 
610 1 |a учебные программы 
610 1 |a учебники 
686 |a У9(2)212.4я73  |v LBC/SL-A  |2 rubbk 
701 1 |a Ноздрева  |b Р. Б.  |g Раиса Борисовна 
701 1 |a Гречков  |b В. Ю.  |g Виктор Юрьевич 
701 1 |a Крылова  |b Г. Д.  |g Галина Дмитриевна 
701 1 |a Соколова  |b М. И.  |g Мария Игоревна 
801 1 |a RU  |b 63413507  |c 20031117  |g PSBO 
801 2 |a RU  |b 63413507  |c 20180823  |g PSBO 
900 |a Маркетинг 
942 |c BK 
952 |a 520000  |b 030300